Determination of the specific impulse of composite solid propellants under laser radiation; The 9th International Forum on Strategic Techology (IFOST-2014), September 21-23, 2014, Cox's Bazar, Bangladesh
| Parent link: | The 9th International Forum on Strategic Techology (IFOST-2014), September 21-23, 2014, Cox's Bazar, Bangladesh.— 2014.— [4 p.] |
|---|---|
| Coauteur: | |
| Andere auteurs: | , , , , , |
| Samenvatting: | Title screen The ignition characteristics are experimentally determined of the perspective composite solid propellants based on ammonium perchlorate, butadiene rubber and aluminum nanopowder Alex, containing the powder additives of boron, titanium and iron in an amount 2 wt.%. The gasification and ignition delay times, impulse of reactive force of the studied compositions were determined at the constant radiant heat flux in air. It was found that the partial replacement of Alex on boron and iron powders in the composition of solid propellant can reduce the ignition delay time by 1.3-1.5 times and increase the impulse of reactive force 1.1-1.3 times. |
| Taal: | Engels |
| Gepubliceerd in: |
2014
|
| Reeks: | Advanced Material & Nanotechnology Poster |
| Onderwerpen: | |
| Online toegang: | http://180.211.172.109/ifost2014Pro/pdf/S5-P94.pdf |
| Formaat: | MixedMaterials Elektronisch Hoofdstuk |
| KOHA link: | https://koha.lib.tpu.ru/cgi-bin/koha/opac-detail.pl?biblionumber=641722 |
MARC
| LEADER | 00000nla2a2200000 4500 | ||
|---|---|---|---|
| 001 | 641722 | ||
| 005 | 20240215115709.0 | ||
| 035 | |a (RuTPU)RU\TPU\network\6639 | ||
| 035 | |a RU\TPU\network\6638 | ||
| 090 | |a 641722 | ||
| 100 | |a 20150530d2014 k y0rusy50 ba | ||
| 101 | 0 | |a eng | |
| 105 | |a a z 101zy | ||
| 135 | |a drgn ---uucaa | ||
| 181 | 0 | |a i | |
| 182 | 0 | |a b | |
| 200 | 1 | |a Determination of the specific impulse of composite solid propellants under laser radiation |f A. G. Korotkikh [et al.] | |
| 203 | |a Text |c electronic | ||
| 225 | 1 | |a Advanced Material & Nanotechnology | |
| 225 | 1 | |a Poster | |
| 300 | |a Title screen | ||
| 320 | |a [References: 17 tit.] | ||
| 330 | |a The ignition characteristics are experimentally determined of the perspective composite solid propellants based on ammonium perchlorate, butadiene rubber and aluminum nanopowder Alex, containing the powder additives of boron, titanium and iron in an amount 2 wt.%. The gasification and ignition delay times, impulse of reactive force of the studied compositions were determined at the constant radiant heat flux in air. It was found that the partial replacement of Alex on boron and iron powders in the composition of solid propellant can reduce the ignition delay time by 1.3-1.5 times and increase the impulse of reactive force 1.1-1.3 times. | ||
| 337 | |a Adobe Reader | ||
| 463 | 0 | |0 (RuTPU)RU\TPU\network\6394 |t The 9th International Forum on Strategic Techology (IFOST-2014), September 21-23, 2014, Cox's Bazar, Bangladesh |o [proceedings] |v [4 p.] |d 2014 | |
| 610 | 1 | |a электронный ресурс | |
| 610 | 1 | |a труды учёных ТПУ | |
| 610 | 1 | |a композиты | |
| 610 | 1 | |a твердое топливо | |
| 610 | 1 | |a добавки | |
| 610 | 1 | |a металлы | |
| 610 | 1 | |a порошки | |
| 610 | 1 | |a газификация | |
| 610 | 1 | |a реактивная сила | |
| 610 | 1 | |a лучистое тепло | |
| 701 | 1 | |a Korotkikh |b A. G. |c specialist in the field of power engineering |c Professor of Tomsk Polytechnic University, Doctor of Physical and Mathematical Sciences |f 1976- |g Aleksandr Gennadievich |3 (RuTPU)RU\TPU\pers\34763 |9 18113 | |
| 701 | 1 | |a Yankovsky |b S. A. |c specialist in the field of power engineering |c Associate Professor, Researcher of Tomsk Polytechnic University, Candidate of Technical Sciences |f 1985- |g Stanislav Aleksandrovich |3 (RuTPU)RU\TPU\pers\34772 |9 18121 | |
| 701 | 1 | |a Arkhipov |b A. | |
| 701 | 1 | |a Zarko |b V. | |
| 701 | 1 | |a Kiskin |b A. | |
| 701 | 1 | |a Glotov |b O. | |
| 712 | 0 | 2 | |a Национальный исследовательский Томский политехнический университет (ТПУ) |b Энергетический институт (ЭНИН) |b Кафедра атомных и тепловых электростанций (АТЭС) |3 (RuTPU)RU\TPU\col\18683 |
| 801 | 2 | |a RU |b 63413507 |c 20150602 |g RCR | |
| 856 | 4 | |u http://180.211.172.109/ifost2014Pro/pdf/S5-P94.pdf | |
| 942 | |c CF | ||